| 000 | 00942cam a2200277 i 4500 | ||
|---|---|---|---|
| 001 | 4112979 | ||
| 003 | NUST-PNEC | ||
| 005 | 20170116180713.0 | ||
| 008 | 751008s1975 enka d 000 0 eng | ||
| 010 | _a 75326143 | ||
| 015 | _aGB*** | ||
| 020 |
_a0408001755 _c£4.50 |
||
| 040 | _cPNEC | ||
| 050 | 0 | 0 |
_aTJ9 _b.N3 1975 |
| 082 | 0 | 0 | _a621.03 NAY |
| 100 | 1 |
_aNayler, J. L. _q(Joseph Lawrence), _d1891- |
|
| 245 | 1 | 0 |
_aDictionary of mechanical engineering / _cby J. L. and G. H. F. Nayler. |
| 250 | _a2d ed. | ||
| 260 |
_aLondon : _bNewnes-Butterworths, _c1975. |
||
| 300 |
_a410 p. : _bill. ; _c23 cm. |
||
| 500 | _ahttp://www.amazon.com/Dictionary-Mechanical-Engineering-G-H-F-Nayler/dp/0408001755/ref=sr_1_1?ie=UTF8&qid=1413435514&sr=8-1&keywords=0408001755 | ||
| 650 | 0 |
_aMechanical engineering _xME, IME |
|
| 700 | 1 |
_aNayler, G. H. F., _ejoint author. |
|
| 906 |
_a7 _bcbc _corignew _d3 _encip _f19 _gy-gencatlg |
||
| 942 |
_2ddc _cBK |
||
| 999 |
_c61064 _d61064 |
||